| 000 | 00585nam a2200217Ia 4500 | ||
|---|---|---|---|
| 008 | 230125s9999 xx 000 0 und d | ||
| 020 | _a81-7881-127-8 | ||
| 041 | _aeng | ||
| 082 |
_a330.954 _bICF |
||
| 100 | _aICFAI | ||
| 245 | _aIndian economic miracle : The Agenda for achieving 8% growth rate | ||
| 250 | _a1st Ed. | ||
| 260 |
_c2002 _bICFAI publication _aHyderabad |
||
| 300 | _a199p | ||
| 440 | _aICFAI | ||
| 500 | _aIndian Economy;ICFAI Series Book | ||
| 650 | _aEconomics | ||
| 700 |
_aICFAI & Ramachandran G _9110288 |
||
| 906 | _b50 | ||
| 999 |
_c87035 _d87035 |
||